000 00493nam a22001457a 4500
003 OSt
005 20240409161944.0
008 240409b |||||||| |||| 00| 0 eng d
040 _cCentral Library MRSPTU
100 _aSukhdev Sidhu (ਸੁਖਦੇਵ ਸਿੱਧੂ)
245 _aSaheed Udam Singh (ਸ਼ਹੀਦ ਊਧਮ ਸਿੰਘ
_bFassi De Udeek Ch (ਫਾਂਸੀ ਦੀ ਉਡੀਕ ਚ')
260 _aBarnala
_bTarkbharti Parkashan
_c2003
300 _a32
942 _2ddc
_cBK
_n0
999 _c10007
_d10007